Významní odborníci prednášali a diskutovali so študentmi NHF EU

Uložené v:
Podrobná bibliografia
Hlavný autor: Muchová, Eva, 1961-
Médium: Kapitola
Jazyk:Slovak
Tagy: Pridať tag
Žiadne tagy, Buďte prvý, kto otaguje tento záznam!

MARC

LEADER 00000naa$a2200000$$$4500
001 0063180
005 20240502071725.8
041 0 |a slo 
044 |a SK 
245 1 0 |a Významní odborníci prednášali a diskutovali so študentmi NHF EU  |c Eva Muchová 
100 1 |a Muchová, Eva, 1961-